[Event "BCF-chT2 1718 (4NCL) Promotion pool"]
[Site "England"]
[Date "2018.05.07"]
[Round "11.46"]
[White "Kafka, Graeme"]
[Black "Menzies, Colin"]
[Result "0-1"]
[WhiteElo "2053"]
[BlackElo "2150"]
[PlyCount "66"]
[EventDate "2017.11.11"]
[EventType "team-tourn"]
[EventRounds "11"]
[EventCountry "ENG"]
[SourceTitle "EXT 2020"]
[Source "ChessBase"]
[SourceDate "2019.10.17"]
[SourceVersion "1"]
[SourceVersionDate "2019.10.17"]
[SourceQuality "1"]
[WhiteTeam "Grantham Sharks II"]
[BlackTeam "Anglian Avengers"]
[WhiteTeamCountry "ENG"]
[BlackTeamCountry "ENG"]

1. e4 c5 2. Nf3 Nf6 3. Nc3 d5 4. e5 Ne4 5. Bb5+ Nc6 6. Qe2 Nxc3 7. dxc3 Bg4 8. h3 Bxf3 9. Qxf3 e6 10. 0-0 Be7 11. Qg3 g6 12. Bh6 Qb6 13. c4 dxc4 14. Bxc6+ Qxc6 15. Rad1 Qc7 16. Qf4 f5 17. Bg7 Rg8 18. Qh6 Kf7 19. Bf6 Bxf6 20. exf6 Kxf6 21. g4 Rad8 22. Rxd8 Rxd8 23. g5+ Ke5 24. Qh4 Rd4 25. Qg3+ f4 26. Qf3 Qc6 27. Re1+ Kd6 28. Qe2 Qd5 29. c3 Rd3 30. h4 Qf5 31. f3 Qd5 32. Qe4 Qxe4 33. Rxe4 e5 0-1

[Event "BCF-chT2a 1617 (4NCL)"]
[Site "England"]
[Date "2017.03.04"]
[Round "7.34"]
[White "Kafka, Graeme"]
[Black "Farrand, Tom"]
[Result "1/2-1/2"]
[WhiteElo "2030"]
[BlackElo "2156"]
[PlyCount "137"]
[EventDate "2016.11.19"]
[EventType "team-tourn"]
[EventRounds "11"]
[EventCountry "ENG"]
[SourceTitle "EXT 2019"]
[Source "ChessBase"]
[SourceDate "2018.10.10"]
[SourceVersion "1"]
[SourceVersionDate "2018.10.10"]
[SourceQuality "1"]
[WhiteTeam "Grantham Sharks II"]
[BlackTeam "CSC Dragons"]
[WhiteTeamCountry "ENG"]
[BlackTeamCountry "ENG"]

1. e4 c5 2. Nf3 e6 3. d4 cxd4 4. Nxd4 Nf6 5. Nc3 Nc6 6. Ndb5 d6 7. Bf4 e5 8. Bg5 a6 9. Na3 b5 10. Nd5 Be7 11. Bxf6 Bxf6 12. c4 b4 13. Nc2 a5 14. g3 Bg5 15. h4 Bh6 16. Bh3 Bxh3 17. Rxh3 Ne7 18. Nce3 Bxe3 19. Nxe3 Qd7 20. Rh2 Qc6 21. Qd3 Rd8 22. 0-0-0 a4 23. f4 b3 24. a3 Qc5 25. Kb1 f6 26. Rhd2 Rc8 27. fxe5 Qxe5 28. Nf5 Nxf5 29. exf5 0-0 30. Re2 Qc5 31. Qd5+ Qxd5 32. cxd5 Rc5 33. Re4 Ra8 34. Rc1 Rxd5 35. g4 Re5 36. Rd4 d5 37. Rc5 Re1+ 38. Rc1 Rxc1+ 39. Kxc1 Rc8+ 40. Kd1 Rc2 41. Rxa4 Rxb2 42. Rb4 Kf8 43. a4 Ke7 44. Kc1 Rc2+ 45. Kb1 Rc4 46. Rb7+ Kd6 47. Kb2 Rxg4 48. a5 Rxh4 49. Kxb3 Rh1 50. Kb2 Rh4 51. Kb3 Rc4 52. Rxg7 Rc7 53. Rg8 Ke5 54. Kb4 Kxf5 55. Kb5 h5 56. Kb6 Rh7 57. a6 d4 58. a7 Rxa7 59. Kxa7 h4 60. Kb6 d3 61. Kc5 h3 62. Rg1 Kf4 63. Kd4 d2 64. Kd3 Kf3 65. Kxd2 Kf2 66. Rg6 f5 67. Rf6 h2 68. Rxf5+ Kg2 69. Rg5+ 1/2-1/2

[Event "BCF-chT2a 1617 (4NCL)"]
[Site "England"]
[Date "2016.11.20"]
[Round "2.24"]
[White "Kafka, Graeme"]
[Black "Willson, Ollie"]
[Result "1/2-1/2"]
[WhiteElo "2030"]
[BlackElo "2039"]
[PlyCount "65"]
[EventDate "2016.11.19"]
[EventType "team-tourn"]
[EventRounds "11"]
[EventCountry "ENG"]
[SourceTitle "EXT 2019"]
[Source "ChessBase"]
[SourceDate "2018.10.10"]
[SourceVersion "1"]
[SourceVersionDate "2018.10.10"]
[SourceQuality "1"]
[WhiteTeam "Grantham Sharks II"]
[BlackTeam "Sussex Martlets"]
[WhiteTeamCountry "ENG"]
[BlackTeamCountry "ENG"]

1. e4 c5 2. Nf3 e6 3. d4 cxd4 4. Nxd4 Nc6 5. Nc3 Qc7 6. Be3 a6 7. Be2 Nf6 8. 0-0 Bb4 9. Na4 Be7 10. Nxc6 bxc6 11. Nb6 Rb8 12. Nxc8 Qxc8 13. Bd4 Nxe4 14. Qd3 Nf6 15. Qxa6 Qxa6 16. Bxa6 c5 17. Bc3 0-0 18. a4 d5 19. Be5 Rb6 20. Be2 Nd7 21. a5 Rb7 22. Bc3 Ra8 23. b3 Rba7 24. Ra4 Nb8 25. Rfa1 Na6 26. Bd2 Bf6 27. R1a2 Rb8 28. g4 h6 29. f4 Kf8 30. Be3 d4 31. Bd2 Ke7 32. Bf3 Kd7 33. Kf2 1/2-1/2

[Event "BCF-chT2a 1516 (4NCL)"]
[Site "England"]
[Date "2016.01.23"]
[Round "3.236"]
[White "Kafka, Graeme"]
[Black "Smith, Graham M"]
[Result "1/2-1/2"]
[WhiteElo "2059"]
[BlackElo "2021"]
[PlyCount "102"]
[EventDate "2015.11.14"]
[EventType "team-tourn"]
[EventRounds "7"]
[EventCountry "ENG"]
[SourceTitle "CBM 170 Extra"]
[Source "ChessBase"]
[SourceDate "2016.02.25"]
[SourceVersion "1"]
[SourceVersionDate "2016.02.25"]
[SourceQuality "1"]
[WhiteTeam "Grantham Sharks II"]
[BlackTeam "MK Phoenix"]
[WhiteTeamCountry "ENG"]
[BlackTeamCountry "ENG"]

1. e4 Nc6 2. Nf3 d6 3. d4 Nf6 4. Nc3 Bg4 5. Be2 e6 6. d5 exd5 7. exd5 Bxf3 8. Bxf3 Ne5 9. Be2 Be7 10. 0-0 0-0 11. f4 Ng6 12. Be3 a6 13. g4 Re8 14. f5 Ne5 15. g5 Nfd7 16. Ne4 f6 17. Bh5 g6 18. Bg4 fxg5 19. fxg6 hxg6 20. Be6+ Kg7 21. Qd2 Nf6 22. Nxg5 Nc4 23. Qd4 Nxe3 24. Qxe3 Rf8 25. h4 Qb8 26. Kg2 Qa7 27. Rae1 Qxe3 28. Rxe3 Nh5 29. Bd7 Bxg5 30. hxg5 Nf4+ 31. Kg1 Nxd5 32. Ref3 Rxf3 33. Rxf3 Rf8 34. Rxf8 Kxf8 35. Bc8 b6 36. Bxa6 Nb4 37. Bc4 Nxc2 38. Bd3 Nd4 39. Bxg6 Nf3+ 40. Kf2 Nxg5 41. a4 Ke7 42. b4 c5 43. bxc5 dxc5 44. Ke3 Kd6 45. Kf4 Ne6+ 46. Ke3 Ke5 47. Bf7 Nf4 48. Bg8 Nd5+ 49. Kd3 Kd6 50. Kc4 Nc7 51. Bh7 Kc6 1/2-1/2

[Event "SCO-ch 122nd"]
[Site "Edinburgh"]
[Date "2015.07.18"]
[Round "8"]
[White "Tate, Alan"]
[Black "Kafka, Graeme"]
[Result "1/2-1/2"]
[WhiteElo "2335"]
[BlackElo "2042"]
[PlyCount "96"]
[EventDate "2015.07.11"]
[EventType "swiss"]
[EventRounds "9"]
[EventCountry "SCO"]
[SourceTitle "CBM 167 Extra"]
[Source "ChessBase"]
[SourceDate "2015.09.14"]
[SourceVersion "1"]
[SourceVersionDate "2015.09.14"]
[SourceQuality "1"]

1. e4 c5 2. Nf3 d6 3. d4 cxd4 4. Nxd4 Nf6 5. Nc3 a6 6. Be3 e5 7. Nb3 Be6 8. Qd2 Nbd7 9. 0-0-0 Be7 10. f4 Ng4 11. g3 Nxe3 12. Qxe3 b5 13. Kb1 b4 14. Nd5 Bxd5 15. Rxd5 0-0 16. fxe5 Nxe5 17. Nd4 g6 18. h4 Ng4 19. Qf4 Nf6 20. Nc6 Nxd5 21. exd5 Qd7 22. h5 g5 23. Qf5 Ra7 24. Qf2 Rc7 25. Bd3 f5 26. Re1 Bf6 27. Bxf5 Qg7 28. Be6+ Kh8 29. Rf1 Be7 30. Qe2 Rxf1+ 31. Qxf1 Bf6 32. Qxa6 Qf8 33. g4 Bg7 34. Nxb4 Qf6 35. Qa8+ Bf8 36. a3 Qf1+ 37. Ka2 Rxc2 38. Nxc2 Qc4+ 39. Kb1 Qf1+ 40. Ka2 Qc4+ 41. Kb1 Qf1+ 42. Ne1 Qxe1+ 43. Ka2 Qf1 44. Qc8 Kg7 45. Qc7+ Kh6 46. Bf5 Be7 47. Qxe7 Qc4+ 48. b3 Qxb3+ 1/2-1/2

[Event "SCO-ch 122nd"]
[Site "Edinburgh"]
[Date "2015.07.15"]
[Round "5"]
[White "Kafka, Graeme"]
[Black "Berry, Neil"]
[Result "0-1"]
[WhiteElo "2042"]
[BlackElo "2306"]
[PlyCount "80"]
[EventDate "2015.07.11"]
[EventType "swiss"]
[EventRounds "9"]
[EventCountry "SCO"]
[SourceTitle "CBM 167 Extra"]
[Source "ChessBase"]
[SourceDate "2015.09.14"]
[SourceVersion "1"]
[SourceVersionDate "2015.09.14"]
[SourceQuality "1"]

1. e4 e6 2. d4 d5 3. e5 c5 4. c3 Qb6 5. Nf3 Nc6 6. a3 Nh6 7. b4 cxd4 8. cxd4 Nf5 9. Bb2 Bd7 10. g4 Nfe7 11. Nc3 Ng6 12. h4 h5 13. Na4 Qd8 14. g5 b6 15. Rc1 a5 16. b5 Nce7 17. Qc2 Rc8 18. Qb3 Nf5 19. Bd3 Be7 20. Bxf5 exf5 21. Qxd5 Nf4 22. Qb3 Be6 23. Qd1 Bc4 24. Kd2 0-0 25. Ke3 Nd5+ 26. Kd2 Bxb5 27. Rxc8 Qxc8 28. Nc3 Bc6 29. Qb3 Qb7 30. Ne2 Nc7 31. Rh3 Bd5 32. Qe3 Be4 33. Nc3 Nd5 34. Nxd5 Qxd5 35. Ne1 Rd8 36. Qb3 Qxe5 37. Qxb6 Qf4+ 38. Ke2 Qg4+ 39. f3 Qxh3 40. fxe4 Qg4+ 0-1

[Event "SCO-ch 122nd"]
[Site "Edinburgh"]
[Date "2015.07.12"]
[Round "2"]
[White "MacGilchrist, Siegrun"]
[Black "Kafka, Graeme"]
[Result "0-1"]
[WhiteElo "1746"]
[BlackElo "2042"]
[PlyCount "80"]
[EventDate "2015.07.11"]
[EventType "swiss"]
[EventRounds "9"]
[EventCountry "SCO"]
[SourceTitle "CBM 167 Extra"]
[Source "ChessBase"]
[SourceDate "2015.09.14"]
[SourceVersion "1"]
[SourceVersionDate "2015.09.14"]
[SourceQuality "1"]

1. c4 c5 2. g3 Nc6 3. Nc3 g6 4. Bg2 Bg7 5. Nf3 e5 6. e4 Nge7 7. d3 d6 8. 0-0 0-0 9. Bg5 h6 10. Bd2 Kh7 11. Ne1 f5 12. f4 fxe4 13. dxe4 Be6 14. Nd5 exf4 15. Rxf4 Rxf4 16. Bxf4 Bxb2 17. Rb1 Bd4+ 18. Be3 Bxd5 19. Bxd4 Nxd4 20. exd5 b6 21. Qd3 Nef5 22. Be4 Qg5 23. Ng2 Re8 24. Rf1 Kg7 25. Nf4 Re5 26. Bxf5 Rxf5 27. Qa3 a5 28. Qb2 Qf6 29. Qxb6 Ne2+ 30. Kg2 Nxf4+ 31. Rxf4 Rxf4 32. gxf4 Qxf4 33. Qc7+ Kf6 34. Qd8+ Ke5 35. Qh8+ Kf5 36. Qf8+ Ke4 37. Qe8+ Kd3 38. Qxg6+ Qe4+ 39. Qxe4+ Kxe4 40. Kg3 Kd4 0-1

[Event "BCF-chT2c 1415 (4NCL)"]
[Site "England"]
[Date "2015.05.03"]
[Round "10.235"]
[White "Somerfield, Adrian P"]
[Black "Kafka, Graeme"]
[Result "1/2-1/2"]
[WhiteElo "2080"]
[BlackElo "2041"]
[PlyCount "54"]
[EventDate "2015.03.29"]
[EventType "team-tourn"]
[EventRounds "11"]
[EventCountry "ENG"]
[SourceTitle "EXT 2016"]
[Source "ChessBase"]
[SourceDate "2015.10.08"]
[SourceVersion "1"]
[SourceVersionDate "2015.10.08"]
[SourceQuality "1"]
[WhiteTeam "Cambridge II"]
[BlackTeam "Grantham Sharks II"]
[WhiteTeamCountry "ENG"]
[BlackTeamCountry "ENG"]

1. d4 d5 2. Nf3 Nf6 3. e3 c6 4. Nbd2 Bf5 5. Ne5 h6 6. g4 Bh7 7. h4 Nfd7 8. Ndf3 Nxe5 9. Nxe5 Nd7 10. Bd3 Bxd3 11. Nxd3 e6 12. b3 Be7 13. h5 0-0 14. Qe2 c5 15. Bb2 Qa5+ 16. c3 c4 17. Nf4 e5 18. dxe5 Nxe5 19. 0-0 Rad8 20. Rfd1 Bg5 21. b4 Qb5 22. a4 Qd7 23. Rxd5 Qxg4+ 24. Qxg4 Nxg4 25. Rad1 Ne5 26. Rxd8 Rxd8 27. Rxd8+ Bxd8 1/2-1/2

[Event "BCF-chT2b 1415 (4NCL)"]
[Site "England"]
[Date "2015.01.11"]
[Round "4.9"]
[White "Kafka, Graeme"]
[Black "Burnett, Jim"]
[Result "0-1"]
[WhiteElo "2050"]
[BlackElo "2121"]
[PlyCount "42"]
[EventDate "2014.11.15"]
[EventType "team-tourn"]
[EventRounds "7"]
[EventCountry "ENG"]
[SourceTitle "EXT 2016"]
[Source "ChessBase"]
[SourceDate "2015.10.08"]
[SourceVersion "1"]
[SourceVersionDate "2015.10.08"]
[SourceQuality "1"]
[WhiteTeam "Grantham Sharks II"]
[BlackTeam "White Rose II"]
[WhiteTeamCountry "ENG"]
[BlackTeamCountry "ENG"]

1. e4 e6 2. d4 d5 3. e5 c5 4. c3 Nc6 5. Nf3 Bd7 6. Be2 Nge7 7. Na3 cxd4 8. cxd4 Nf5 9. Nc2 Be7 10. 0-0 0-0 11. Bd3 Rc8 12. g4 Nh4 13. Nxh4 Bxh4 14. g5 Bxg5 15. Qh5 h6 16. f4 Be7 17. Rf3 f5 18. exf6 Rxf6 19. Be3 Qe8 20. Qh4 e5 21. Rg3 Rd6 0-1

[Event "BCF-chT1b 1314 (4NCL)"]
[Site "England"]
[Date "2014.03.22"]
[Round "7.157"]
[White "Shaw, John"]
[Black "Kafka, Graeme"]
[Result "1/2-1/2"]
[WhiteElo "2422"]
[BlackElo "2054"]
[PlyCount "51"]
[EventDate "2013.11.16"]
[EventType "team-tourn"]
[EventRounds "7"]
[EventCountry "ENG"]
[SourceTitle "EXT 2015"]
[Source "ChessBase"]
[SourceDate "2014.11.20"]
[SourceVersion "1"]
[SourceVersionDate "2014.11.20"]
[SourceQuality "1"]
[WhiteTeam "Wood Green Hilsmark"]
[BlackTeam "Grantham Sharks II"]
[WhiteTeamCountry "ENG"]
[BlackTeamCountry "ENG"]

1. e4 c5 2. b3 d6 3. Bb2 Nf6 4. Bb5+ Bd7 5. Bxd7+ Qxd7 6. d3 g6 7. Nc3 Bg7 8. Nd5 Nc6 9. Nxf6+ Bxf6 10. Bxf6 exf6 11. Ne2 d5 12. exd5 Qxd5 13. 0-0 0-0 14. Nc3 Qd4 15. Qd2 Rfe8 16. Rae1 f5 17. Re3 Rxe3 18. fxe3 Qe5 19. Rf4 Re8 20. e4 Qd4+ 21. Kf1 fxe4 22. Nxe4 Qa4 23. Kf2 Qd4+ 24. Kf1 Qa1+ 25. Kf2 Qd4+ 26. Kf1 1/2-1/2

[Event "Edinburgh op"]
[Site "Edinburgh"]
[Date "2012.03.31"]
[Round "2"]
[White "Campbell, Eoin S"]
[Black "Kafka, Graeme"]
[Result "1/2-1/2"]
[WhiteElo "1875"]
[BlackElo "2073"]
[PlyCount "44"]
[EventDate "2012.03.30"]
[EventType "swiss"]
[EventRounds "5"]
[EventCountry "SCO"]
[SourceTitle "EXT 2014"]
[Source "ChessBase"]
[SourceDate "2013.11.20"]
[SourceVersion "1"]
[SourceVersionDate "2013.11.20"]
[SourceQuality "1"]

1. Nf3 d5 2. d4 Nf6 3. c4 c6 4. Nc3 dxc4 5. a4 Bf5 6. Ne5 Nbd7 7. Nxc4 Nb6 8. Ne5 a5 9. g3 e6 10. Bg2 Bb4 11. 0-0 0-0 12. Na2 Qe7 13. Nxb4 Qxb4 14. Ra3 Nc4 15. Rb3 Qxa4 16. Rxb7 Qxd1 17. Rxd1 Bc2 18. Re1 Nxe5 19. dxe5 Nd5 20. Bd2 Rfb8 21. Rxb8+ Rxb8 22. e4 Ne7 1/2-1/2

[Event "Edinburgh op"]
[Site "Edinburgh"]
[Date "2012.03.30"]
[Round "1"]
[White "Kafka, Graeme"]
[Black "Marchand, Francois"]
[Result "1/2-1/2"]
[WhiteElo "2073"]
[BlackElo "2237"]
[PlyCount "64"]
[EventDate "2012.03.30"]
[EventType "swiss"]
[EventRounds "5"]
[EventCountry "SCO"]
[SourceTitle "EXT 2014"]
[Source "ChessBase"]
[SourceDate "2013.11.20"]
[SourceVersion "1"]
[SourceVersionDate "2013.11.20"]
[SourceQuality "1"]

1. e4 c6 2. d4 d5 3. e5 Bf5 4. Nf3 e6 5. Be2 Nd7 6. 0-0 Bg6 7. b3 Nh6 8. c4 Nf5 9. Nc3 Bb4 10. Bb2 0-0 11. Rc1 Qe7 12. Bd3 a6 13. Ne2 Ba3 14. Bxa3 Qxa3 15. cxd5 cxd5 16. Rc7 Rfd8 17. Qc2 Rab8 18. Nf4 Ne7 19. Bxg6 hxg6 20. Ng5 Nf8 21. Nd3 Rbc8 22. g4 Qa5 23. Rc1 Qb6 24. Qc5 Qxc5 25. R1xc5 b6 26. Rc1 Rxc7 27. Rxc7 Rd7 28. Rc2 f6 29. Nf3 Kf7 30. Kf1 a5 31. Ke2 Ra7 32. a3 Rd7 1/2-1/2

[Event "BCF-chT1d 1011 (4NCL) Demotion pool"]
[Site "England"]
[Date "2011.05.01"]
[Round "10.17"]
[White "Holt, Philip J"]
[Black "Kafka, Graeme"]
[Result "1/2-1/2"]
[WhiteElo "2269"]
[BlackElo "2075"]
[PlyCount "43"]
[EventDate "2010.11.06"]
[EventType "team-tourn"]
[EventRounds "4"]
[EventCountry "ENG"]
[SourceTitle "EXT 2012"]
[Source "ChessBase"]
[SourceDate "2011.11.24"]
[SourceVersion "1"]
[SourceVersionDate "2011.11.24"]
[SourceQuality "1"]
[WhiteTeam "Warwicks Select"]
[BlackTeam "Sambuca Sharks"]
[WhiteTeamCountry "ENG"]
[BlackTeamCountry "ENG"]

1. e4 c5 2. c3 d5 3. exd5 Qxd5 4. d4 Nf6 5. Nf3 e6 6. Na3 Be7 7. Nb5 Na6 8. Be2 cxd4 9. Qxd4 0-0 10. Bg5 Qxd4 11. Nfxd4 e5 12. Nb3 Bd7 13. 0-0 Nc5 14. Bxf6 gxf6 15. Nc7 Rac8 16. Nd5 Bd8 17. Rad1 Be6 18. f4 Nxb3 19. axb3 Bxd5 20. Rxd5 Bb6+ 21. Kh1 Rfd8 22. Bc4 1/2-1/2

[Event "Edinburgh op"]
[Site "Edinburgh"]
[Date "2011.04.02"]
[Round "2"]
[White "Marks, Ian Alexander"]
[Black "Kafka, Graeme"]
[Result "0-1"]
[WhiteElo "1919"]
[BlackElo "2075"]
[PlyCount "68"]
[EventDate "2011.04.01"]
[EventType "swiss"]
[EventRounds "5"]
[EventCountry "SCO"]
[SourceTitle "EXT 2013"]
[Source "ChessBase"]
[SourceDate "2012.11.22"]
[SourceVersion "1"]
[SourceVersionDate "2012.11.22"]
[SourceQuality "1"]

1. e4 c5 2. Nf3 d6 3. d4 cxd4 4. Nxd4 Nf6 5. Nc3 a6 6. Bg5 e6 7. f4 Qc7 8. Bxf6 gxf6 9. Qh5 Qc5 10. Qxc5 dxc5 11. Nf3 b5 12. a4 b4 13. Ne2 Bb7 14. Ng3 h5 15. Bd3 Bd6 16. Ne2 c4 17. Bxc4 Bxe4 18. 0-0-0 Ke7 19. Rd4 Bxf3 20. gxf3 Nc6 21. Rdd1 Bc5 22. Rhe1 Bf2 23. Rf1 Be3+ 24. Kb1 Na5 25. Bd3 Rhd8 26. f5 b3 27. c3 Rd6 28. Be4 Rad8 29. Rxd6 Rxd6 30. fxe6 Nc4 31. Re1 Rd2 32. Nd4 Rxb2+ 33. Ka1 Ra2+ 34. Kb1 Na3# 0-1

[Event "SCO-ch"]
[Site "Edinburgh"]
[Date "2009.07.11"]
[Round "1"]
[White "Kafka, Graeme"]
[Black "Greet, Andrew"]
[Result "1-0"]
[WhiteElo "2077"]
[BlackElo "2443"]
[PlyCount "61"]
[EventDate "2009.07.11"]
[EventType "swiss"]
[EventRounds "9"]
[EventCountry "SCO"]
[SourceTitle "CBM 131 Extra"]
[Source "ChessBase"]
[SourceDate "2009.09.03"]
[SourceVersion "2"]
[SourceVersionDate "2009.09.16"]
[SourceQuality "1"]

1. e4 e5 2. Nf3 Nc6 3. Bb5 Nf6 4. 0-0 Nxe4 5. Qe2 Nd6 6. Bxc6 dxc6 7. Qxe5+ Qe7 8. Qa5 Be6 9. d3 a6 10. Re1 0-0-0 11. Bg5 f6 12. Nd4 fxg5 13. Nxe6 Re8 14. Na3 h6 15. Nc4 Nxc4 16. dxc4 Qf7 17. Nxf8 Rhxf8 18. Rxe8+ Rxe8 19. Re1 Rf8 20. Qc5 b6 21. Qd4 c5 22. Qg4+ Kb8 23. f3 Qf6 24. c3 Qd6 25. Qe6 Qd2 26. Re2 Qc1+ 27. Kf2 Rd8 28. Qc6 Qf4 29. Re8 Qh4+ 30. Kg1 g4 31. g3 1-0

[Event "Edinburg CC op 1st"]
[Site "Edinburgh"]
[Date "2009.06.07"]
[Round "8"]
[White "Hughes, Rhian"]
[Black "Kafka, Graeme"]
[Result "1/2-1/2"]
[WhiteElo "1840"]
[BlackElo "2104"]
[PlyCount "51"]
[EventDate "2009.05.23"]
[EventType "swiss"]
[EventRounds "8"]
[EventCountry "SCO"]
[SourceTitle "CBM 130 Extra"]
[Source "ChessBase"]
[SourceDate "2009.07.02"]
[SourceVersion "2"]
[SourceVersionDate "2009.07.15"]
[SourceQuality "1"]

1. c4 c5 2. Nc3 Nc6 3. g3 g6 4. Bg2 Bg7 5. e4 d6 6. Nge2 e5 7. d3 Nge7 8. 0-0 0-0 9. h3 h6 10. f4 f5 11. Rb1 Be6 12. Nd5 a5 13. Nec3 Nd4 14. a3 Nxd5 15. Nxd5 Rb8 16. b4 axb4 17. axb4 cxb4 18. Rxb4 b5 19. cxb5 Rxb5 20. Rxb5 Nxb5 21. Be3 Bxd5 22. exd5 Re8 23. Qd2 exf4 24. Rxf4 Qe7 25. Bf2 Ra8 26. Rc4 1/2-1/2

[Event "Edinburg CC op 1st"]
[Site "Edinburgh"]
[Date "2009.05.24"]
[Round "2"]
[White "Kafka, Graeme"]
[Black "Hulme, William"]
[Result "1-0"]
[WhiteElo "2104"]
[BlackElo "2020"]
[PlyCount "145"]
[EventDate "2009.05.23"]
[EventType "swiss"]
[EventRounds "8"]
[EventCountry "SCO"]
[SourceTitle "CBM 130 Extra"]
[Source "ChessBase"]
[SourceDate "2009.07.02"]
[SourceVersion "2"]
[SourceVersionDate "2009.07.15"]
[SourceQuality "1"]

1. e4 e5 2. Nf3 Nc6 3. Bb5 a6 4. Bxc6 dxc6 5. 0-0 Bd6 6. d4 exd4 7. Qxd4 f6 8. Be3 Ne7 9. Nbd2 Be6 10. Rad1 Ng6 11. Nc4 Bxc4 12. Qxc4 Qe7 13. Bd4 0-0-0 14. Bc3 Rhe8 15. Rfe1 Ne5 16. Nxe5 Bxe5 17. f3 Bxc3 18. Qxc3 Rd6 19. Rxd6 Qxd6 20. Re3 Qd1+ 21. Re1 Qd6 22. g3 c5 23. Qe3 Rd8 24. c3 Qd2 25. Qe2 c4 26. f4 b5 27. Kf2 c5 28. Qxd2 Rxd2+ 29. Re2 Rd3 30. e5 fxe5 31. Rxe5 Rd2+ 32. Re2 Rd3 33. Re5 Rd2+ 34. Re2 Rd3 35. Ke1 Kd7 36. a3 a5 37. Re5 Kd6 38. Ke2 b4 39. Re3 Rd5 40. g4 g6 41. Re8 Kd7 42. Re4 Rd3 43. axb4 cxb4 44. Rxc4 Rh3 45. cxb4 Rxh2+ 46. Ke3 Rxb2 47. bxa5 Ra2 48. Rc5 Ra4 49. Rb5 Kc6 50. Re5 Kd6 51. Kf3 Ra3+ 52. Kg2 Ra2+ 53. Kg3 Ra3+ 54. Kh4 h6 55. Rb5 Ke6 56. Rb6+ Kf7 57. a6 Ra1 58. Rb7+ Kf6 59. g5+ hxg5+ 60. fxg5+ Ke6 61. a7 Rh1+ 62. Kg4 Rg1+ 63. Kf4 Rf1+ 64. Ke4 Re1+ 65. Kd4 Ra1 66. Kc5 Rc1+ 67. Kb6 Rb1+ 68. Kc7 Ra1 69. Kb8 Kf5 70. Rb5+ Kf4 71. a8Q Rxa8+ 72. Kxa8 Kg4 73. Kb7 1-0